000 00811cab a2200253 4500
001 ABS54573
008 090401t1996 xxu||||| |||| 00| 0 eng d
035 _a(Sirsi) u11161
041 _aeng
100 _aOsmond, C.
245 _aOpen up in the name of the law
260 _c1996
350 _a0
490 _aSolicitors` Journal
_v140(5) 9 February 1996, 25(1)
520 _aExamines potential impacts of "Co-operative Insurance Society Ltd v Argyll Stores (Holdings) Ltd" to positive covenants within a lease.
650 _aCO-OPERATIVE INSURANCE SOCIETY LTD V ARGYLL STORES (HOLDINGS) LTD
650 _aKEEP OPEN CLAUSES
650 _aLEASES
650 _aSPECIFIC PERFORMANCE
690 _aLANDLORD AND TENANT-BUSINESS TENANCIES
700 _aPeet, C.
942 _n0
948 _c04/03/1997
999 _c7104
_d7104